LEADER 01565nam2-22004091i-450- 001 990005411780203316 005 20050117120000.0 035 $a000541178 035 $aUSA01000541178 035 $a(ALEPH)000541178USA01 035 $a000541178 100 $a20050117d2000-------|0itac50------ba 101 $aita 102 $aIT 105 $a|||| ||||| 200 1 $a<> Associazionismo economico e diffusione dell'economia politica nell'Italia dell'Ottocento$edalle societą economico-agrarie alle associazioni di economisti$fa cura diMassimo M. Augello, Marco E. L. Guidi 210 $aMilano$cFranco Angeli$d2000 215 $aVIII, 497 p.$d23 cm 461 1$1001000540162$12001$aAssociazionismo economico e diffusione dell'economia politica nell'Italia dell'Ottocento$v2 606 $aAccademie e istituti culturali$xItalia$xSec. 19.$2FI 606 $aAssociazioni agricole$2FI 620 $dMilano 676 $a338.106045$cAgricoltura. Organizzazioni. Italia$v21 702 1$aAUGELLO,$bMassimo M. 702 1$aGUIDI,$bMarco E. L. 801 $aIT$bSOL$c20120104 912 $a990005411780203316 950 $aDIP.TO SCIENZE ECONOMICHE - (SA)$dDS 300 338.106045 AUG$e9387 DISES 951 $a300 338.106045 AUG$b9387 DISES 959 $aBK 969 $aDISES 979 $c20121027$lUSA01$h1531 979 $c20121027$lUSA01$h1611 979 $aPATRY$b90$c20121114$lUSA01$h1447 996 $aAssociazionismo economico e diffusione dell'economia politica nell'Italia dell'Ottocento$9499742 997 $aUNISA NUM $aUSA13248 LEADER 03297nam 2200421 450 001 9910795169603321 005 20230808210120.0 010 $a90-04-39752-3 024 7 $a10.1163/9789004397521 035 $a(CKB)4920000000124175 035 $a(OCoLC)893649927 035 $a(nllekb)BRILL9789004397521 035 $a(MiAaPQ)EBC6275838 035 $a(EXLCZ)994920000000124175 100 $a20201129d2016 uy 0 101 0 $aeng 135 $aurun| uuuua 181 $ctxt$2rdacontent 182 $cc$2rdamedia 183 $2rdacarrier 200 10$aJoseph the carpenter $ehis reception in literature and art from the second to the ninth century /$fPhilip W. Jacobs 210 1$aBlandford Forum, Dorset, England :$cDeo Publishing,$d[2016] 210 4$d©2016 215 $a1 online resource 225 1 $aHistory of biblical interpretation series (Blandford Forum, England) ;$v5 311 $a1-905679-34-3 320 $aIncludes bibliographical references and index. 327 $tPreliminary Material /$rPhilip W. Jacobs -- $tAcknowledgments /$rPhilip W. Jacobs -- $tAbbreviations /$rPhilip W. Jacobs -- $tIllustrations /$rPhilip W. Jacobs -- $tPart I: Introduction /$rPhilip W. Jacobs -- $tPart II: The Canonic Portrayals of Joseph (70-100 CE) /$rPhilip W. Jacobs -- $tThe Portrayal of Joseph the Carpenter in the Gospel of Matthew /$rPhilip W. Jacobs -- $tThe Portrayal of Joseph the Carpenter in the Gospel of Luke /$rPhilip W. Jacobs -- $tThe Portrayal of Joseph the Carpenter in the Gospel of John /$rPhilip W. Jacobs -- $tPart III: The Response of Later Christian Writers and Their Communities to the Canonic Portrays of Joseph /$rPhilip W. Jacobs -- $tThe Portrayal of Joseph in the Infancy Gospel of James /$rPhilip W. Jacobs -- $tThe Portrayal of Joseph the Carpenter in the Infancy Gospel of Thomas /$rPhilip W. Jacobs -- $tThe Portrayal of Joseph the Carpenter in the History of Joseph the Carpenter /$rPhilip W. Jacobs -- $tThe Portrayal of Joseph the Carpenter in the Gospel of Pseudo-Matthew /$rPhilip W. Jacobs -- $tPart IV: The Response of Later Christian Artists and Their Communities to the Canonic Portrayals of Joseph /$rPhilip W. Jacobs -- $tPortraits of Joseph in Compositions of the First Dream of Joseph and the Annunciation to Joseph /$rPhilip W. Jacobs -- $tPortraits of Joseph in Compositions of the Water Test /$rPhilip W. Jacobs -- $tPortraits of Joseph in Compositions of the Journey to Bethlehem /$rPhilip W. Jacobs -- $tPortraits of Joseph in Compositions of the Nativity /$rPhilip W. Jacobs -- $tPortraits of Joseph in Compositions of the Adoration of the Magi /$rPhilip W. Jacobs -- $tPart V: Conclusions and Implications /$rPhilip W. Jacobs -- $tAppendix: Artistic Portrayals of Joseph c.300 CE-800 CE According to Theme /$rPhilip W. Jacobs -- $tBibliography /$rPhilip W. Jacobs -- $tIndex of Names /$rPhilip W. Jacobs -- $tIndex of Biblical and Other Source References /$rPhilip W. Jacobs. 410 0$aHistory of biblical interpretation series (Blandford Forum, England) ;$v5. 676 $a232.932 700 $aJacobs$b Philip Walker$01492948 801 0$bMiAaPQ 801 1$bMiAaPQ 801 2$bMiAaPQ 906 $aBOOK 912 $a9910795169603321 996 $aJoseph the carpenter$93847744 997 $aUNINA